书目信息 |
| 题名: |
思.史.诗:现象学和存在哲学研究
|
|
| 作者: | 叶秀山 著 | |
| 分册: | ||
| 出版信息: | 北京 人民出版社 1988.12 |
|
| 页数: | 348页 | |
| 开本: | 32开 | |
| 丛书名: | ||
| 单 册: | ||
| 中图分类: | B089 | |
| 科图分类: | ||
| 主题词: | 哲学学派 , 哲学学派--研究 | |
| 电子资源: | ||
| ISBN: | 7-01-000255-X | |
| 000 | 00604nam0 2200205 45 | |
| 001 | 1009060503 | |
| 005 | 20100906054915.3 | |
| 010 | @a7-01-000255-X@d18.20元 | |
| 100 | @a20100906d1988 km y0chiy0120 ea | |
| 101 | 0 | @achi |
| 105 | @a z 000yy | |
| 200 | 1 | @a思.史.诗:现象学和存在哲学研究@ASi.Shi.Shi:Xian Xiang Xue He Cun Zai Zhe Xue Yan Jiu@f叶秀山著@FYe Xiu Shan Zhu |
| 210 | @a北京@c人民出版社@d1988.12 | |
| 215 | @a348页@d32开 | |
| 606 | 0 | @a哲学学派 |
| 606 | 0 | @a哲学学派@x研究 |
| 690 | @aB089@v3 | |
| 701 | 0 | @a叶秀山@4著 |
| 801 | @aCN@bPftUser@c20100906 | |
| 905 | @b128708-712@dB089@eY798@f5 | |
| 思.史.诗:现象学和存在哲学研究/叶秀山著.-北京:人民出版社,1988.12 |
| 348页;32开 |
| ISBN 7-01-000255-X:18.20元 |
| ● |
| 相关链接 |
|
|
|
正题名:思·史·诗:现象学和存在哲学研究
索取号:B089/Y798
 
预约/预借
| 序号 | 登录号 | 条形码 | 馆藏地/架位号 | 状态 | 备注 |
| 1 | 128708 | 201287080 | 社科库509/509社科库 8排1列2层/ [索取号:B089/Y798] | 在馆 | |
| 2 | 128709 | 201287099 | 社科库509/509社科库 8排1列2层/ [索取号:B089/Y798] | 在馆 | |
| 3 | 128710 | 201287106 | 社科库509/509社科库 8排1列2层/ [索取号:B089/Y798] | 在馆 | |
| 4 | 128711 | 201287115 | 社科库509/509社科库 8排1列2层/ [索取号:B089/Y798] | 在馆 | |
| 5 | 128712 | 201287124 | 社科库509/509社科库 8排1列2层/ [索取号:B089/Y798] | 在馆 |